Catálogo
 En Linea

Sueños de opio / (Registro nro. 32803)

Detalles MARC
000 -CABECERA
campo de control de longitud fija 00435nam a2200145 a 4500
001 - NÚMERO DE CONTROL
campo de control 000033312
005 - FECHA Y HORA DE LA ÚLTIMA TRANSACCIÓN
campo de control 20200930070153.0
008 - DATOS DE LONGITUD FIJA--INFORMACIÓN GENERAL
campo de control de longitud fija 110823s19uu dr 000 0 spa d
040 ## - FUENTE DE LA CATALOGACIÓN
Centro catalogador/agencia de origen DO-SdBNP
Lengua de catalogación spa
Centro/agencia transcriptor BNPHU
049 ## - FONDOS LOCALES (OCLC)
Fondos de biblioteca BNPD
100 1# - ENTRADA PRINCIPAL--NOMBRE DE PERSONA
Nombre de persona Caminero Sánchez, Mario
9 (RLIN) 58909
245 10 - MENCIÓN DE TÍTULO
Título Sueños de opio /
Mención de responsabilidad, etc. Mario Caminero Sánchez.
260 ## - PUBLICACIÓN, DISTRIBUCIÓN, ETC.
Fecha de publicación, distribución, etc. San Pedro de Macoris, República Dominicana:
Nombre del editor, distribuidor, etc. Imp. Cervantes.
300 ## - DESCRIPCIÓN FÍSICA
Extensión 64 p. ;
Dimensiones 23 cm.
Existencias
Estado de retiro Estado de pérdida Restricciones de uso No para préstamo Código de colección Localización permanente Ubicación/localización actual Ubicación en estantería Fecha de adquisición Número de inventario Total de préstamos Signatura topográfica completa Código de barras Fecha visto por última vez Precio válido a partir de Tipo de ítem Koha Nota pública
      Excluido de préstamo Raros y valiosos Patrimonio Dominicano Patrimonio Dominicano En catalogación 23.08.2011 LF1   33312-10 25.06.2020 25.06.2020 No se presta Perteneció a la biblioteca personal de Martínez Boog.

Con tecnología Koha